|
|
|
|
| LEADER |
01061nam a22002532a 4500 |
| 001 |
000335301 |
| 003 |
CZ BrMZK |
| 005 |
20180424095509.0 |
| 007 |
ta |
| 008 |
980105s1935 xr f cze d |
| 015 |
|
|
|a cnb000709270
|
| 040 |
|
|
|a BOA001
|b cze
|
| 100 |
1 |
|
|a Těsnohlídek, Rudolf,
|d 1882-1928
|7 jk01132297
|4 aut
|
| 245 |
1 |
0 |
|a Kolonia Kutejsík :
|b kronika z brněnského předměstí.
|n Díl druhý /
|c Rudolf Těsnohlídek
|
| 260 |
|
|
|a Praha :
|b Fr. Borový,
|c 1935
|
| 300 |
|
|
|a 264 s.
|
| 490 |
1 |
|
|a Spisy Rudolfa Těsnohlídka ;
|v sv. 2
|
| 500 |
|
|
|a Dostupné též v digitální podobě v aplikaci Kramerius
|
| 800 |
1 |
|
|a Těsnohlídek, Rudolf,
|d 1882-1928
|t Spisy
|
| 856 |
4 |
1 |
|u http://www.digitalniknihovna.cz/mzk/uuid/uuid:6d719440-4eb4-11e8-afec-005056827e51
|y Digitalizovaný dokument
|x NDK
|
| 910 |
|
|
|a BOA001
|b 1-0152.909,2
|
| 990 |
|
|
|a BK
|
| 996 |
6 |
|
|b 2619841863
|c 1-0152.909,2
|l MZK
|r Sklad / do 1 hodiny
|n 13
|w 000335301
|u 000010
|a 1
|e BOA001
|j MZK50
|s P
|
| 996 |
7 |
|
|b 2619841864
|c 1-0152.909,2
|l MZK
|r Sklad / do 1 hodiny
|n 25
|w 000335301
|u 000020
|a 1
|e BOA001
|j MZK50
|s A
|